000 00591nam a2200229Ia 4500
003 OSt
005 20221007063232.0
006 a|||||r|||| 00| 0
007 ta
008 221006b |||||||| |||| 00| 0 eng d
024 _a14,386
037 _cTextual
040 _aFLL
_cFLL
_beng
041 _2eng
_aeng
082 _aX:5:Z2, M0
100 _aMehta Jagdish M.
_9242263
245 0 _aBusiness law
260 _aBombay
_bNoble Publishing House India
_c1980
300 _a294p
_ccm.
942 _hX:5:Z2, M0
_cTEXL
_2CC
999 _c1130758
_d1130758